000 00399nam a2200169Ia 4500
008 230711s9999||||xx |||||||||||||| ||und||
020 _a978-0-367-02273-0
041 _aENG
082 _a720
_bJE-T
100 _aJankins, Eric J
245 0 _aTO SCALE
250 _a1st Ed.
260 _c2018
_aLondon
_bRoutledge Taylor & Franic Group
300 _a225p.
650 _aArchitecture
942 _cBK
999 _c6894
_d6894